-
DAVID, B. VASANTHARAJ AND RAMAMURTHY, V.V.
Entry Personal Name
Number of records used in: 1
001 - CONTROL NUMBER
003 - CONTROL NUMBER IDENTIFIER
005 - DATE AND TIME OF LATEST TRANSACTION
- control field:
20170909112431.0
008 - FIXED-LENGTH DATA ELEMENTS
- fixed length control field:
170909|| aca||aabn | a|a d
040 ## - CATALOGING SOURCE
- Original cataloging agency:
OSt
- Transcribing agency:
OSt
100 ## - HEADING--PERSONAL NAME
- Personal name:
DAVID, B. VASANTHARAJ AND RAMAMURTHY, V.V.
670 ## - SOURCE DATA FOUND
- Source citation:
Work cat.: (OSt): DAVID, B. VASANTHARAJ AND RAMAMURTHY, V.V., ELEMENTS OF ECONOMIC ENTOMOLOGY